Tiempos violentos : (Record no. 111800)
[ view plain ]
| 000 -LEADER | |
|---|---|
| campo de control de longitud fija | 02544cam a2200373Ia 4500 |
| 001 - NÚMERO DE CONTROL | |
| campo de control | 89692 |
| 005 - FECHA Y HORA DE LA ÚLTIMA TRANSACCIÓN | |
| campo de control | 20230411090048.0 |
| 008 - DATOS DE LONGITUD FIJA--INFORMACIÓN GENERAL | |
| campo de control de longitud fija | 050520s2004 ag b 000 0 spa d |
| 035 ## - NÚMERO DE CONTROL DEL SISTEMA | |
| Número de control de sistema | (OCoLC)ocm60411488 |
| 040 ## - FUENTE DE CATALOGACIÓN | |
| Centro catalogador/agencia de origen | PBR |
| Centro/agencia transcriptor | PBR |
| Centro/agencia modificador | OCL |
| 020 ## - NÚMERO INTERNACIONAL ESTÁNDAR DEL LIBRO | |
| Número Internacional Estándar del Libro | 9509231436 |
| 020 ## - NÚMERO INTERNACIONAL ESTÁNDAR DEL LIBRO | |
| Número Internacional Estándar del Libro | 9789509231436 |
| 035 ## - NÚMERO DE CONTROL DEL SISTEMA | |
| Número de control de sistema | (OCoLC)60411488 |
| 092 ## - ASIGNACIÓN LOCAL DE SIGNATURA TOPOGRÁFICA DEWEY (OCLC) | |
| Número de clasificación | 338.98009 |
| Número de ítem | T562 |
| 049 ## - FONDOS LOCALES (OCLC) | |
| Biblioteca depositaria | GRAL |
| 245 00 - MENCIÓN DEL TÍTULO | |
| Título | Tiempos violentos : |
| Resto del título | neoliberalismo, globalización y desigualdad en América Latina / |
| Mención de responsabilidad, etc. | Atilio A. Borón, Julio Gambina, Naúm Minsburg, compiladores. |
| 260 ## - PUBLICACIÓN, DISTRIBUCIÓN, ETC. | |
| Lugar de publicación, distribución, etc. | Buenos Aires : |
| Nombre del editor, distribuidor, etc. | Consejo Latinoamericano de Ciencias Sociales, |
| Fecha de publicación, distribución, etc. | 2004. |
| 300 ## - DESCRIPCIÓN FÍSICA | |
| Extensión | 298 p. ; |
| Dimensiones | 23 cm. |
| 490 0# - MENCIÓN DE SERIE | |
| Mención de serie | Colecciâon CLACSO |
| 504 ## - NOTA DE BIBLIOGRAFÍA, ETC. | |
| Nota de bibliografía, etc. | Includes bibliographical references. |
| 505 0# - NOTA DE CONTENIDO CON FORMATO | |
| Nota de contenido con formato | Transnacionalización, crisis y el papel del Fondo Monetario Internacional y del Banco Mundial / Naúm Minsburg -- Globalización y la vulnerabilidad externa / Julio Sevares -- La crisis y su impacto en el empleo / Julio C. Gambina -- La globalización, la crisis financiera y América Latina / Aldo Ferrer -- Brasil: una historia de pactos entre élites / Emir Sader -- Mercosur en la crisis internacional / Ismael Bermúdez -- El neoliberalismo, una ideología contraria al equilibrio social / Raúl E. Cuello -- Crisis internacional y revolución intelectual / Marcelo Ramón Lascano -- Posguerra fría, "neodecisionismo" y nueva fase del capitalismo / Fabián Bosoer y Santiago Leiras -- Poder estatal y capital global: los límites de la lucha política / Mabel Thwaites Rey y José Castillo -- "Pensamiento único" y resignación política: los límites de una falsa coartada / Atilio A. Boron -- Las turbulencias del capitalismo a fines del siglo / Héctor Walter Valle -- Sobre las relaciones del mercado financiero y laboral en América Latina y en Asia del Norte y del Sudeste / Pierre Salama -- Polâiticas monetarias: auge, esclerosis e implosión / Carlos E. Scavo -- Cronología de los principales acontecimientos relativos al sistema monetario internacional / Pablo Caruso y Sabrina Gonzâalez. |
| 651 #0 - PUNTO DE ACCESO ADICIONAL DE MATERIA--NOMBRE GEOGRÁFICO | |
| Nombre geográfico | Latin America |
| Subdivisión general | Economic policy. |
| 651 #0 - PUNTO DE ACCESO ADICIONAL DE MATERIA--NOMBRE GEOGRÁFICO | |
| Nombre geográfico | Latin America |
| Subdivisión general | Economic conditions |
| Subdivisión cronológica | 1982- |
| 651 #0 - PUNTO DE ACCESO ADICIONAL DE MATERIA--NOMBRE GEOGRÁFICO | |
| Nombre geográfico | Latin America |
| Subdivisión general | Social conditions |
| Subdivisión cronológica | 1982- |
| 651 #0 - PUNTO DE ACCESO ADICIONAL DE MATERIA--NOMBRE GEOGRÁFICO | |
| Nombre geográfico | Argentina |
| Subdivisión general | Economic policy. |
| 651 #0 - PUNTO DE ACCESO ADICIONAL DE MATERIA--NOMBRE GEOGRÁFICO | |
| Nombre geográfico | Argentina |
| Subdivisión general | Economic conditions |
| Subdivisión cronológica | 1983- |
| 651 #0 - PUNTO DE ACCESO ADICIONAL DE MATERIA--NOMBRE GEOGRÁFICO | |
| Nombre geográfico | Argentina |
| Subdivisión general | Social conditions |
| Subdivisión cronológica | 1983- |
| 700 1# - ENTRADA AGREGADA--NOMBRE PERSONAL | |
| Nombre de persona | Borón, Atilio. |
| 700 1# - ENTRADA AGREGADA--NOMBRE PERSONAL | |
| Nombre de persona | Gambina, Julio C. |
| 700 1# - ENTRADA AGREGADA--NOMBRE PERSONAL | |
| Nombre de persona | Minsburg, Naúm. |
| 942 ## - ELEMENTOS DE ENTRADA SECUNDARIOS (KOHA) | |
| Fuente del sistema de clasificación o colocación | Clasificación de Library of Congress |
| Tipo de ítem Koha | |
| 994 ## - | |
| -- | C0 |
| -- | DRFGD |
| 946 ## - PROCESAMIENTO DE INFORMACIÓN LOCAL (OCLC) | |
| a | lrm |
| Estatus retirado | Estado de pérdida | Fuente del sistema de clasificación o colocación | Estado de daño | No para préstamo | Colección | Biblioteca de origen | Biblioteca actual | Ubicación en estantería | Fecha de adquisición | Código de barras | Visto por última vez | Copia número | Tipo de ítem Koha |
|---|---|---|---|---|---|---|---|---|---|---|---|---|---|
| Clasificación de Library of Congress | Automatización y Procesos Técnicos | Biblioteca Juan Bosch | Biblioteca Juan Bosch | Automatización y Procesos Técnicos (1er. Piso) | 11/04/2023 | 00000078064 | 17/02/2019 | 1 |
